00676nam a22002177a 450000500170000001000130001702000220003003500130005203700160006504000120008108200160009310000300010924501280013926000270026727000450029430000260033950000490036565000170041465000240043170000030045520170124110223.0 aB-063956 c00.00a0333802330 aB-063956 bCen Lib/Ret aDPLbEN a658.84bKAR aKare-Silver, Michael de  ae-Shock 2000 :cby Michael de Kare-Silverbthe electronic shopping revolution strategies for retailers and manufactures / aLondonbMacillanc1998 aHoundmills Basingstoke HampshirebLondon axii,292p. c22cm(pbk) aIncludes bibliographical reference and index aRetail trade aElectronic commerce